LDR 00641naa#a2200157#i#450# 001 EN\\bibl\19964 005 20260701133906.3 100 ## _a20260630b2026####ek#y0engy0150####ca 102 ## _aRU 200 1# _aMODERN METHODS FOR DEVELOPING PERSONALIZED RECOMMENDER SYSTEMS _eConference article/thesis 210 1# _aVoronezh _cFSBE Institution of Higher Education Voronezh State University of Forestry and Technologies named after G.F. Morozov _d2026 215 ## _a7 с. 608 ## _aConference article/thesis _2local 675 ## _aСпособы задания и реализации автоматов. 519.713.1 _z 700 #1 _aKudinov _gI. M. 856 4# _abibl.vgltu.ru _u